=LDR 00000nam 2200000 4500 =001 INLIS000000000034679 =005 20151024121850.0 =006 =007 =008 ind =035 ##$$0010-061300000034679 =041 ##$$a ind =082 ##$$a 813 =090 ##$$a 813, Gai c =100 ##$$a Gaiman, Neil =245 ##$$a Coraline/By Neil Gaiman;Alih bahasa,Tanti Lesmana =260 ##$$a 2009 $b Jakarta =300 ##$$a 228 hlm., Ilus., 20 cm =650 ##$$a Fiksi Dewasa- Indonesia =700 ##$$a Lesmana, Tanti =850 ##$$a NBPNMAT =990 ##$$a 0001/BPAP-NTB/2015 =990 ##$$a 0001/BPAP-NTB/2015 =990 ##$$a 0001/BPAP-NTB/2015 =990 ##$$a 0001/BPAP-NTB/2015 =990 ##$$a 0001/BPAP-NTB/2016